000 00844nam a2200205Ia 4500
003 Ost
005 20260507075016.0
008 260507s9999||||xx |||||||||||||| ||und||
020 _aX631279977
040 _cfsecg
041 _aara
082 _a341.75
100 _aأمين، سمير
_eمؤلف
245 0 _aالعلاقات العربية الأوروبية :
_bقراءة عربية نقدية /
_c سمير أمين
260 _aالقاهرة:
_bدار الأمين,
_c2002
300 _a160 صفحة؛
_bإيضاحات ؛
_c24 سم
520 _aالمشروع الأورومتوسطي بين الواقع والخيال-الأقلمة الأورومتوسطية والبديل-تعقيبات-التقرير عن مناقشات الندوة
653 _aالعلاقات الاقتصادية الدولية
942 _cكتاب
999 _c42209
_d42209